000 nam a22 a 4500
999 _c483
_d483
003 AKMAL
005 20170504093448.0
008 170504s1994 my 00 may d
020 _a9676104353 (kkt.) :
_cRM10.00
040 _aAKMAL
082 0 4 _a153.42 AIN
_221
090 0 0 _a153.42
_bAIN
100 _aAinon Muhammad,
_d1950-
_9343
245 _aTeknik berfikir :
_bkonsep dan proses 15 cara berfikir untuk menjana idea-idea kreatif /
_cAinon Muhd., Abdullah Hassan
260 _aKuala Lumpur :
_bUtusan Publications & Distributors ,
_c1994
300 _a137ms. ;
_c22cm.
504 _aMengandungi bibliografi
521 _aPeringkat pembaca: Dewasa
650 _aThought and thinking
_9913
700 0 _aAbdullah Hassan,
_d1942-
_9341
942 _2ddc
_cBOOK